01666cam a22003734a 4500999001700000001000900017003000900026005001700035008004100052020002500093020002200118040003300140082002000173100004100193245011900234246006400353250001900417264005100436300005800487336002600545337002800571338002700599500002000626505016200646650005500808650006700863650005500930650006900985653002701054655002401081906004501105942001201150952013001162 c28940d2891115107850EG-ScBUE20201015130515.0071210s2007 caua f f 001 0 eng d a9780596527525 (pbk.) a0596527527 (pbk.) aDLCbengerdacDLCdEG-ScBUE04a005.72bROB2221 aNiederst Robbins, Jennifer,eauthor.10aLearning web design :ba beginner's guide to (X)HTML, style sheets, and web graphics /cJennifer Niederst Robbins.30aBeginner's guide to (X)HTML, style sheets, and web graphics aThird edition. 1aSebastopol, CA :bO'Reilly Media, Inc.,c2007. axiv, 464 pages :billustrations (some color) ;c25 cm 2rdacontentatextbtxt 2rdamediaaunmediatedbn 2rdacarrieravolumebnc aIncludes index.0 apt. I. Getting started -- pt. II. HTML markup for structure -- pt. III. CSS for presentation -- pt. IV. Creating web graphics -- pt. V. From start to finish. 7aWeb sitesxDesignvHandbooks, manuals, etc.2BUEsh 7aWeb sitesxAuthoring programsvHandbooks, manuals, etc.2BUEsh 7aComputer graphicsvHandbooks, manuals, etc.2BUEsh 7aHTML (Document markup language)vHandbooks, manuals, etc.2BUEsh bMASIICCSScOctober2020 vReading book934232 a7bcbccorigcopd2encipf20gy-gencatlg 2ddccBB 00102ddc40708BaccahaMAINbMAINcLOWd2020-10-15ePurchasel0o005.72 ROBp000049987r2025-07-15 00:00:00w2020-10-15yBB